Spoločensky prospešné inovácie v distribúcii elektromobilita
Gespeichert in:
| 1. Verfasser: | |
|---|---|
| Körperschaft: | |
| Weitere Verfasser: | , |
| Format: | Buch |
| Sprache: | Slowakisch |
| Veröffentlicht: |
Bratislava
Vydavateľstvo EKONÓM
2021
|
| Ausgabe: | 1. vydanie |
| Schlagworte: | |
| Tags: |
Keine Tags, Fügen Sie das erste Tag hinzu!
|
MARC
| LEADER | 00000nam a2200000 4500 | ||
|---|---|---|---|
| 001 | 0272602 | ||
| 005 | 20240502074310.2 | ||
| 020 | |a 978-80-225-4800-7 | ||
| 041 | 0 | |a slo | |
| 044 | |a SK | ||
| 245 | 1 | 0 | |a Spoločensky prospešné inovácie v distribúcii |b elektromobilita |c Peter Drábik ; recenzenti: Ferdinand Daňo, Rastislav Lauko |
| 250 | |a 1. vydanie | ||
| 264 | 1 | |a Bratislava |b Vydavateľstvo EKONÓM |c 2021 | |
| 300 | |a 203 s. [5,68 AH] | ||
| 500 | |a Monografia je zároveň habilitačnou prácou | ||
| 610 | 2 | 0 | |a inovácia |
| 610 | 2 | 0 | |a inovácie environmentálne |
| 610 | 2 | 0 | |a inovácie technologické |
| 610 | 2 | 0 | |a priemysel automobilový |
| 610 | 2 | 0 | |a elektromobily |
| 610 | 2 | 0 | |a elektromobilita |
| 610 | 2 | 0 | |a stratégia inovačná |
| 610 | 2 | 0 | |a spotreba energie |
| 610 | 2 | 0 | |a spotrebitelia |
| 100 | 1 | |a Drábik, Peter, 1981- | |
| 700 | 1 | |a Daňo, Ferdinand, 1959- | |
| 700 | 1 | |a Lauko, Rastislav, 1979- | |
| 710 | 2 | |a Ekonomická univerzita v Bratislave. Obchodná fakulta | |